Score 0/20 Timer 03:00
0 Plays Today
Scrambled Rock Band % Correct
EQUENQueen
95.7%
TYXSStyx
95.6%
SIKSKiss
95.5%
SANKASKansas
90.3%
RUBLBlur
89.7%
ONTOSBBoston
86.3%
YOURJENJourney
82.1%
ANNATASSantana
79%
EXISIPPixies
78.4%
ZEREEWWeezer
76.7%
Scrambled Rock Band % Correct
SHHIPPhish
73.7%
SOSIAOasis
68.8%
THERAHeart
68.3%
ANNIARVNirvana
54.3%
SINGEESGenesis
37.3%
DIBNOLEBlondie
32.4%
OWLICWilco
27%
DAIDHAORERadiohead
24.2%
NSEODURNADGSoundgarden
19.8%
HATERMOISAerosmith
5.7%
Remove Ads.
Support Sporcle.
Get the best of Sporcle when you Go Orange. This ad-free experience offers more features, more stats, and more fun while also helping to support Sporcle. Thank you for becoming a member.

You're not logged in!

Compare scores with friends on all Sporcle quizzes.
OR
Log In

Show Comments

Extras

Top Quizzes Today


Score Distribution

Your Account Isn't Verified!

In order to create a playlist on Sporcle, you need to verify the email address you used during registration. Go to your Sporcle Settings to finish the process.

Report this User

Report this user for behavior that violates our Community Guidelines.

Details: